000 00442nam a2200181Ia 4500
001 22594
005 20260414150841.0
008 260414t2012||||xx |||||||||||||| ||spa||
041 _aESP
082 _a621.3821
_bS99
100 _aAhson, Syed A. (Ed.)
_eAUT
245 0 _aNear Fiel Communications Handbook
_b
260 _c2012
300 _axiii, 364 páginas :
_c24 cm.
650 _aTCA
654 _aCET
942 _cLIB
_dJUS
_fJUS
_2ddc
_n
999 _c22594
_d22594